[Event "Swiss Queens Wed #13"]
[Site "FIDE Online Arena INT"]
[Date "2024.04.24"]
[Round "9"]
[White "Pinto, Niyola"]
[Black "Robson, Caroline J"]
[Result "1-0"]
[WhiteElo "1404"]
[BlackElo "1728"]
[PlyCount "39"]
[EventDate "2024.04.24"]
[EventType "swiss (blitz)"]
[EventRounds "11"]
[EventCountry "NET"]
[SourceTitle "CB18_2024"]
[SourceDate "2024.05.01"]
[SourceVersion "1"]
[SourceVersionDate "2024.05.01"]
[SourceQuality "2"]

1. d4 Nf6 2. e3 g6 3. Bd3 Bg7 4. f4 0-0 5. Nf3 Nc6 6. 0-0 d6 7. a3 Bg4 8. Nbd2 Rc8 9. Qe1 Qd7 10. e4 e5 11. fxe5 dxe5 12. dxe5 Bxf3 13. exf6 Bh5 14. fxg7 Kxg7 15. Nf3 Qg4 16. Qh4 Qe6 17. h3 f5 18. exf5 Rxf5 19. Bxf5 Qxf5 20. g4 1-0

[Event "Torquay Paignton Walker op"]
[Site "Torquay"]
[Date "2018.09.07"]
[Round "6"]
[White "Huba, Mark J"]
[Black "Robson, Caroline J"]
[Result "1-0"]
[WhiteElo "117"]
[BlackElo "105"]
[PlyCount "99"]
[EventDate "2018.09.02"]
[EventType "swiss"]
[EventRounds "7"]
[EventCountry "ENG"]
[SourceTitle "CBM 187 Extra"]
[Source "ChessBase"]
[SourceDate "2018.11.04"]
[SourceVersion "1"]
[SourceVersionDate "2018.11.04"]
[SourceQuality "1"]

1. Nf3 g6 2. g3 d6 3. Bg2 Bg7 4. d3 c5 5. 0-0 e5 6. e4 Nc6 7. Nbd2 Nge7 8. c3 0-0 9. Nc4 h6 10. Ne3 f5 11. exf5 Nxf5 12. Nxf5 Bxf5 13. Nh4 Kh7 14. Nxf5 Rxf5 15. Be4 Rf6 16. h4 d5 17. Bg2 Ne7 18. g4 Rf7 19. f4 Qd6 20. fxe5 Rxf1+ 21. Qxf1 Bxe5 22. Qe2 Rf8 23. Bd2 Rf7 24. Rf1 Rxf1+ 25. Qxf1 Qe6 26. Qf8 Bg7 27. Qf4 b5 28. Qf3 a5 29. g5 h5 30. b3 c4 31. bxc4 bxc4 32. d4 Qb6 33. Be1 Qb1 34. Qf2 Qb6 35. Qe2 Qd6 36. Bh3 a4 37. Qf3 Qb6 38. Qf7 Qc7 39. Kg2 Qb7 40. Bf2 Qc7 41. Qe6 Qb7 42. Qd7 Qxd7 43. Bxd7 a3 44. Be6 Kh8 45. Bg3 Bf8 46. Bd6 Kg7 47. Bxa3 Nf5 48. Bxf8+ Kxf8 49. Bxf5 gxf5 50. Kf3 1-0

[Event "BCF-chT1a 1617 (4NCL)"]
[Site "England"]
[Date "2016.11.20"]
[Round "2.18"]
[White "Steil Antoni, Fiona"]
[Black "Robson, Caroline J"]
[Result "1-0"]
[WhiteElo "2141"]
[BlackElo "1554"]
[PlyCount "35"]
[EventDate "2016.11.19"]
[EventType "team-tourn"]
[EventRounds "7"]
[EventCountry "ENG"]
[SourceTitle "CBM 175 Extra"]
[Source "ChessBase"]
[SourceDate "2016.12.12"]
[SourceVersion "1"]
[SourceVersionDate "2016.12.12"]
[SourceQuality "1"]
[WhiteTeam "Cheddleton"]
[BlackTeam "Blackthorne Russia"]
[WhiteTeamCountry "ENG"]
[BlackTeamCountry "ENG"]

1. e4 c5 2. Nc3 Nc6 3. f4 g6 4. Nf3 Bg7 5. Bc4 d6 6. d3 a6 7. a4 e6 8. 0-0 Nge7 9. Qe1 0-0 10. f5 exf5 11. Qh4 h5 12. Bg5 Be6 13. Nd5 Re8 14. exf5 Bxf5 15. Rae1 Be6 16. Nxe7+ Nxe7 17. Bxe6 fxe6 18. Rxe6 1-0

[Event "BCF-chT1c 1415 (4NCL) Promotion pool"]
[Site "England"]
[Date "2015.05.02"]
[Round "9.138"]
[White "Robson, Caroline J"]
[Black "Hebden, Mark"]
[Result "0-1"]
[WhiteElo "1573"]
[BlackElo "2494"]
[PlyCount "46"]
[EventDate "2014.11.15"]
[EventType "team-tourn"]
[EventRounds "4"]
[EventCountry "ENG"]
[SourceTitle "EXT 2023"]
[Source "ChessBase"]
[SourceDate "2022.10.05"]
[SourceVersion "1"]
[SourceVersionDate "2022.10.05"]
[SourceQuality "1"]
[WhiteTeam "Blackthorne Russia"]
[BlackTeam "Guildford"]
[WhiteTeamCountry "ENG"]
[BlackTeamCountry "ENG"]

1. e4 e5 2. Nf3 Nc6 3. Bb5 a6 4. Ba4 Nf6 5. 0-0 Be7 6. Re1 b5 7. Bb3 0-0 8. c3 d5 9. exd5 Nxd5 10. Nxe5 Nxe5 11. Rxe5 c6 12. d4 Bd6 13. Re1 Qh4 14. g3 Qh3 15. Be3 Bg4 16. Qd3 Rae8 17. Nd2 Re6 18. a4 Qh5 19. axb5 axb5 20. Ra6 Bb8 21. Ra8 Rfe8 22. Raa1 Nf4 23. gxf4 Rg6 0-1

[Event "Sunningdale e2e4 op U1800 05"]
[Site "Sunningdale"]
[Date "2013.05.25"]
[Round "3"]
[White "Gergelova, Monika"]
[Black "Robson, Caroline J"]
[Result "0-1"]
[WhiteElo "1313"]
[BlackElo "1433"]
[PlyCount "103"]
[EventDate "2013.05.25"]
[EventType "swiss"]
[EventRounds "7"]
[EventCountry "ENG"]
[SourceTitle "EXT 2014"]
[Source "ChessBase"]
[SourceDate "2013.11.20"]
[SourceVersion "1"]
[SourceVersionDate "2013.11.20"]
[SourceQuality "1"]

1. e4 c5 2. Nc3 Nc6 3. f4 d6 4. Bc4 g6 5. Nf3 Bg7 6. d3 e6 7. Be3 Nd4 8. 0-0 Ne7 9. Rb1 0-0 10. Ne2 Nxe2+ 11. Qxe2 Bd7 12. c3 b5 13. Bb3 Rc8 14. c4 b4 15. d4 cxd4 16. Bxd4 Nc6 17. Bxg7 Kxg7 18. Qd2 Qb6+ 19. Kh1 Na5 20. Rfc1 Nxb3 21. axb3 Kg8 22. h3 Rfd8 23. Qe1 Bc6 24. Qh4 h5 25. Qf6 Rd7 26. Ng5 Qd8 27. Qxd8+ Rcxd8 28. Rd1 a5 29. Ra1 Ra8 30. e5 dxe5 31. Rxd7 Bxd7 32. fxe5 Bc6 33. Rd1 a4 34. bxa4 Rxa4 35. b3 Ra2 36. h4 Rxg2 37. Rd8+ Kg7 38. Rb8 Rxg5+ 39. Kh2 Rxe5 40. Rxb4 Re2+ 41. Kg3 Re3+ 42. Kf4 Re4+ 43. Kg3 Rg4+ 44. Kh3 Rd4 45. Kg3 e5 46. Rb6 Bd7 47. c5 Rd3+ 48. Kf2 Rc3 49. b4 e4 50. Rd6 Bb5 51. Rb6 e3+ 52. Ke1 0-1

[Event "BCF-chT3 0607 (4NCL)"]
[Site "Sunningdale"]
[Date "2007.01.14"]
[Round "6.8"]
[White "Robson, Caroline J"]
[Black "Oliver, Shannon"]
[Result "0-1"]
[WhiteElo "1765"]
[BlackElo "1929"]
[PlyCount "118"]
[EventDate "2006.09.16"]
[EventType "team"]
[EventRounds "11"]
[EventCountry "ENG"]
[SourceTitle "EXT 2008"]
[Source "ChessBase"]
[SourceDate "2007.11.25"]
[SourceVersion "1"]
[SourceVersionDate "2007.11.25"]
[SourceQuality "1"]
[WhiteTeam "Mindsports"]
[BlackTeam "Slough Sharks III"]
[WhiteTeamCountry "ENG"]
[BlackTeamCountry "ENG"]

1. e4 c5 2. Nf3 d6 3. d4 cxd4 4. Nxd4 Nf6 5. Nc3 g6 6. Be3 Bg7 7. f3 0-0 8. Qd2 Nc6 9. Bc4 Bd7 10. 0-0-0 Rb8 11. h4 Na5 12. Bb3 b5 13. h5 Nc4 14. Bxc4 bxc4 15. Kb1 Qb6 16. Qc1 Qa5 17. Ka1 Rb7 18. Qd2 Rfb8 19. Rb1 Nxh5 20. g4 Nf6 21. Bh6 Bxh6 22. Qxh6 Rxb2 23. Rxb2 Qxc3 24. Qc1 Rxb2 25. Qxb2 Qxb2+ 26. Kxb2 e5 27. Ne2 Be6 28. Rd1 d5 29. g5 Nd7 30. exd5 Bh3 31. Ng1 Bf5 32. Ne2 Kg7 33. Kc3 f6 34. Ng3 fxg5 35. Nxf5+ gxf5 36. Kxc4 h5 37. d6 g4 38. fxg4 hxg4 39. Kd5 Kf6 40. c4 Nb6+ 41. Kc6 Ke6 42. c5 Nd7 43. Rh1 g3 44. Rh6+ Kf7 45. Rh7+ Kf6 46. Rxd7 g2 47. Rxa7 g1Q 48. d7 Ke7 49. Rc7 Qg2+ 50. Kb6 Qb2+ 51. Ka7 Qxa2+ 52. Kb8 Qa6 53. Rb7 e4 54. Kc8 Qa8+ 55. Kc7 Qd8+ 56. Kc6 e3 57. Kd5 Qxd7+ 58. Rxd7+ Kxd7 59. Kd4 e2 0-1